| 000 | 01741cam a2200361Mu 4500 | ||
|---|---|---|---|
| 001 | pipingguidecompa00sher | ||
| 003 | CaSfIA | ||
| 005 | 20210118210523.0 | ||
| 007 | cr|||| | ||
| 008 | 920116s1976 cau 000 0 eng d | ||
| 040 |
_aSzZUIDS _eETHICS-ISBD _bger _cCHVBK _dCaSfIA |
||
| 020 | _a0914082000 (softcover set) | ||
| 020 | _a9780914082002 (softcover set) | ||
| 020 | _a0914082035 (hardcover book) | ||
| 020 | _a9780914082033 (hardcover book) | ||
| 035 | _a(OCoLC)636282219 | ||
| 245 | 0 | 5 |
_aThe "Piping guide" : _h[electronic resource] _ba compact reference for the design and drafting of industrial piping systems / _cDavid R. Sherwood, Dennis J. Whistance. |
| 250 | _aFirst ed. revised. | ||
| 260 |
_a[Cotati, CA, USA] : _b[Syentek Books], _ccop. 1976. |
||
| 300 | _a2 parts. | ||
| 500 | _aandere Ausgabe: <<The>> "Piping guide" for the design and drafting of industrial piping systems. | ||
| 653 | _aROHRLEITUNGEN (ROHRE, SCHLÄUCHE) | ||
| 653 | _aPIPELINES (PIPES, TUBES, HOSES) | ||
| 653 | _aCONDUITES, TUYAUTERIE, PIPELINES (TUYAUX, MANCHES) | ||
| 700 | 1 | _aSherwood, David R. | |
| 700 | 1 | _aWhistance, Dennis J. | |
| 029 | 0 |
_aCHVBK _b109266080 |
|
| 856 | 4 | 1 |
_uhttp://www.archive.org/details/pipingguidecompa00sher _zFree eBook from the Internet Archive |
| 856 | 4 | 2 |
_uhttp://www.openlibrary.org/books/OL24390374M _zAdditional information and access via Open Library |
| 942 | _cEB | ||
| 506 | _fНеобхідна авторизація на https://archive.org/ (створення облікового запису безкоштовно) | ||
| 506 | _fНеобхідна авторизація на https://openlibrary.org/ (створення облікового запису безкоштовно) | ||
| 999 |
_c536903 _d536903 |
||